Statistics for Mandjtv’s favorite Pokémon of each type

Click here to take the quiz!

General Stats

  • This quiz has been taken 75 times
  • The average score is 5 of 18

Answer Stats

TypePokemon% Correct
GrassSceptile
87%
NormalCastform
57%
DarkUmbreon
45%
BugVikavolt
40%
DragonRayquaza
34%
FairyAlolan Ninetales
30%
ElectricZebstrika
30%
FireBlaziken
26%
PsychicMetagross
26%
GhostMarshadow
23%
FlyingTalonflame
23%
RockGigalith
21%
PoisonCrobat
15%
FightingGrapploct
15%
WaterDracovish
13%
GroundGliscor
13%
IceZen Mode Galarian Darmanitan
13%
SteelCorviknight
9%

Score Distribution

Percentile by Number Answered

Percent of People with Each Score

Your Score History

You have not taken this quiz